Carbon dioxide as chemical feedstock / (Record no. 19091)
[ view plain ]
| 000 -LEADER | |
|---|---|
| fixed length control field | 02414cam a22002657a 4500 |
| 001 - CONTROL NUMBER | |
| control field | 17022862 |
| 005 - DATE AND TIME OF LATEST TRANSACTION | |
| control field | 20150322124110.0 |
| 008 - FIXED-LENGTH DATA ELEMENTS--GENERAL INFORMATION | |
| fixed length control field | 111027s2010 gw a b 001 0 eng |
| 020 ## - INTERNATIONAL STANDARD BOOK NUMBER | |
| International Standard Book Number | 9783527324750 (hbk.) |
| 020 ## - INTERNATIONAL STANDARD BOOK NUMBER | |
| International Standard Book Number | 3527324755 (hbk.) |
| 040 ## - CATALOGING SOURCE | |
| Original cataloging agency | UKM |
| Transcribing agency | UKM |
| Modifying agency | YDXCP |
| -- | C#P |
| -- | BWX |
| -- | AGL |
| -- | CDX |
| -- | BTCTA |
| -- | UWO |
| -- | LHU |
| -- | DLC |
| 082 00 - DEWEY DECIMAL CLASSIFICATION NUMBER | |
| Classification number | 662.6 |
| Edition number | 22 |
| Item number | CAR |
| 245 00 - TITLE STATEMENT | |
| Title | Carbon dioxide as chemical feedstock / |
| Statement of responsibility, etc | edited by Michele Aresta. |
| 260 ## - PUBLICATION, DISTRIBUTION, ETC. (IMPRINT) | |
| Place of publication, distribution, etc | Weinheim : |
| Name of publisher, distributor, etc | Wiley-VCH, |
| Date of publication, distribution, etc | c.2010. |
| 300 ## - PHYSICAL DESCRIPTION | |
| Extent | xix, 394 p. : |
| Other physical details | ill. ; |
| Dimensions | 25 cm. |
| 504 ## - BIBLIOGRAPHY, ETC. NOTE | |
| Bibliography, etc | Includes bibliographical references and index. |
| 505 0# - FORMATTED CONTENTS NOTE | |
| Formatted contents note | 1 Carbon Dioxide: Utilization Options to Reduce its Accumulation in the Atmosphere -- 2 Utilization of Dense Carbon Dioxide as an Inert Solvent for Chemical Syntheses -- 3 Autotrophic Carbon Fixation in Biology: Pathways, Rules, and Speculations -- 4 Carbon Dioxide Coordination Chemistry and Reactivity of Coordinated CO2 -- 5 Main Group Element- and Transition Metal-Promoted Carboxylation of Organic Substrates -- 6 The Chemistry of N-CO2 Bonds: Synthesis of Carbamic Acids and Their Derivatives, Isocyanates, and Ureas -- 7 Synthesis of Linear and Cyclic Carbonates -- 8 Polymers from Carbon Dioxide: Polycarbonates, Polythiocarbonates, and Polyurethanes -- 9 In-Situ Study of Carbon Deposition during CO2 Reforming of Methane for Synthesis Gas Production, Using the Tapered Element Oscillation Microbalance -- 10 Utilization of Carbon Dioxide through Nonthermal Plasma Approaches -- 11 Photochemical, Electrochemical, and Photoelectrochemical Reduction of Carbon Dioxide -- 12 Recent Scientific and Technological Developments in Electrochemical Carboxylation Based on Carbon Dioxide -- 13 Indirect Utilization of Carbon Dioxide: Utilization of Terrestrial and Aquatic Biomass -- 14 Fixation of Carbon Dioxide into Inorganic Carbonates: The Natural and Artificial "Weathering of Silicates" |
| 520 1# - SUMMARY, ETC. | |
| Summary, etc | "This ready reference closely investigates the use of CO[subscript 2] for the synthesis of carboxylates, carbonates, carbamates, isocyanates, and polymeric materials, as well as a solvent, in electro- and photoelectro-chemistry, biomass enhanced production and much more besides."--BOOK JACKET. |
| 650 #0 - SUBJECT ADDED ENTRY--TOPICAL TERM | |
| Topical term or geographic name as entry element | Feedstock. |
| 650 #0 - SUBJECT ADDED ENTRY--TOPICAL TERM | |
| Topical term or geographic name as entry element | Carbon dioxide |
| General subdivision | Industrial applications. |
| 653 ## - INDEX TERM--UNCONTROLLED | |
| Resource For college | Engineering, Chemical |
| Arrived date list | March2015 |
| 655 ## - INDEX TERM--GENRE/FORM | |
| Form subdivision | |
| -- | 34232 |
| 700 1# - ADDED ENTRY--PERSONAL NAME | |
| Personal name | Aresta, M. |
| Fuller form of name | (Michele), |
| Dates associated with a name | 1940- |
| 942 ## - ADDED ENTRY ELEMENTS (KOHA) | |
| Source of classification or shelving scheme | Dewey Decimal Classification |
| Withdrawn status | Item status | Source of classification or shelving scheme | Damaged status | Not for loan | Vendor | Home library | Current library | Shelving location | Date acquired | Source of acquisition | Cost, normal purchase price | Total Checkouts | Total Renewals | Full call number | Barcode | Checked out | Date last seen | Date last borrowed | Cost, replacement price | Koha item type |
|---|---|---|---|---|---|---|---|---|---|---|---|---|---|---|---|---|---|---|---|---|
| Dewey Decimal Classification | Baccah | Central Library | Central Library | First floor | 22/03/2015 | 1270.00 | 3 | 7 | 662.6 CAR | 000037679 | 01/10/2024 | 07/07/2024 | 07/07/2024 | 1587.50 | Book - Borrowing |